000 01325nam a2200253Ia 4500
003 OSt
005 20201020131511.0
008 191128s2012 ck ad gr 000 0 spa d
020 _a9789588433288
040 _aCO-JMCR
_cCO-JMCR
041 0 _aspa
082 0 4 _a658.4012 /
_bM672m
_223
100 1 _aMoré Olivares, Elías,
_eautor
_911735
245 1 0 _aModelo de dirección estratégico-prospectivo para la competitividad sostenible de la hotelería colombiana :
_bcaso Bogotá /
_cElías Moré Olivares
250 _aPrimera edición
260 _aBogotá :
_bUniversidad Autónoma de Colombia,
_c2012.
300 _a375 páginas :
_bgráficos y diagramas ;
_c24 cm.
500 _aBibliografía: página [319]-329 Incluye datos biográficos y foto del autor en solapa. "Tesis doctoral sobresaliente Cum Laudem" Premio Hotur, mejor investigación en estrategia, 2011
505 0 _aPlanteamiento -- Modelo teórico -- Diseño de la aplicación muestral -- Evaluación sobre la misión, visión, filosofía y valores estratégicos -- Evaluando la capacidad competitiva de los hoteles -- Impacto de la política pública en la estrategia del sector
650 2 4 _aAdministración hotelera
_911736
650 2 4 _aPlanificación
_zColombia
_911737
650 2 4 _aTesis y disertaciones académicas
_96755
942 _2ddc
_cBK
999 _c6358
_d6358